| 000 | 00480pab a2200169 454500 | ||
|---|---|---|---|
| 008 | 180718b2004 xxu||||| |||| 00| 0 eng d | ||
| 100 | _aHidhayathhulla, A. | ||
| 245 | _aNascent higher education and nefarious privatisation in the Indian context of globalisation, WTO and GATS | ||
| 260 | _c2004 | ||
| 300 | _ap.12-15. | ||
| 362 | _a25 Oct | ||
| 650 | _aPrivatization | ||
| 650 | _aGlobalization | ||
| 650 | _aHigher education | ||
| 773 | _aUniversity News | ||
| 909 | _a62990 | ||
| 999 |
_c62990 _d62990 |
||